De quel manga/animé est-ce le personnage principal ? - Statistiques

Statistiques générales
  • Ce quiz a été pris 178 302 fois
    146 859 depuis la dernière actualisation
  • Le résultat moyen est 15 sur 20
Statistiques - réponses
Hint Réponse % Correct
One Piece Monkey D. Luffy
95%
Naruto Naruto Uzumaki
94%
Attaque des Titans Eren Jager
90%
Pokémon Sacha Ketchum
89%
Dragon Ball Son Goku
89%
One Punch Man Saitama
84%
Hunter x Hunter Gon Freecss
81%
Death Note Light Yagami
78%
Demon Slayer Tanjiro Kamado
77%
My Hero Académia Izuku Midoriya
74%
Seven Deadly Sins Méliodas
72%
Fairy Tail Natsu Dragnir
70%
Jujutsu Kaisen Yuji Itadori
70%
Jojo's Bizarre Adventure Jonathan Joestar
69%
Bleach Ichigo Kurosaki
67%
Fullmetal Alchemist Edward Elric
64%
The Promised Neverland Emma
63%
Tokyo Ghoul Ken Kaneki
63%
Assassination Classroom Nagisa Shiota
59%
Tokyo Revengers Takemichi Hanagaki
58%
Aucun quiz correspondant
Distribution des résultats
% des personnes avec chaque résultat
Percentile par nombre de réponses
Votre historique - résultats
Vous n’avez pas pris ce quiz depuis la dernière actualisation